|
|
|
|
| LEADER |
00000nab a2200000 4500 |
| 001 |
vtls012029600 |
| 003 |
SK-MaSNL |
| 005 |
20260303214121.0 |
| 008 |
210502 2020 xo 000 0 slo |
| 015 |
|
|
|a SNBRB2020/12
|2 LMAOSK
|
| 040 |
|
|
|a LMAOSK
|b slo
|d LMAOSK
|e rda
|
| 041 |
0 |
|
|a slo
|
| 043 |
|
|
|a e-xr---
|
| 044 |
|
|
|a xo
|c SK
|
| 072 |
|
7 |
|a 355/359
|x Vojenstvo. Obrana krajiny. Ozbrojené sily
|2 konspekt
|
| 080 |
|
|
|a (046)
|2 2011
|
| 080 |
|
|
|a 355.48(091)
|2 2011
|
| 080 |
|
|
|a 355.01(091)
|2 2001
|
| 080 |
|
|
|a 94(437.6)
|2 2011
|
| 100 |
1 |
|
|a Segeš, Vladimír,
|d 1950-
|4 aut
|9 97496
|
| 245 |
1 |
0 |
|a Vojny a bitky na Slovensku
|b bitky v prvej etape povstania Františka II. Rákociho
|c text: Vladimír Segeš
|
| 246 |
3 |
0 |
|a Bitky v prvej etape povstania Františka II. Rákociho
|
| 300 |
|
|
|b Kresby, mapa
|
| 336 |
|
|
|a text
|b txt
|2 rdacontent
|
| 337 |
|
|
|a bez média
|b n
|2 rdamedia
|
| 338 |
|
|
|a zväzok
|b nc
|2 rdacarrier
|
| 650 |
0 |
7 |
|a dejiny bitiek
|2 SNKPH
|9 93767
|
| 650 |
0 |
7 |
|a dejiny vojen
|2 SNKPH
|9 82933
|
| 650 |
0 |
7 |
|a Rákociho povstanie (1703-1711 : Maďarsko a Sedmihradsko)
|2 SNKPH
|9 98303
|
| 655 |
|
7 |
|a články
|2 SNKPH
|9 70601
|
| 773 |
0 |
|
|t Obrana
|g Roč. XXVIII, č. 12 (2020), s. 32-33
|x 1336-1910
|
| 852 |
|
|
|a LMAOSK
|b KIS3GCP
|
| 856 |
4 |
1 |
|u https://www.mod.gov.sk/obrana-122020/
|
| 958 |
|
|
|a NB
|
| 999 |
|
|
|c 2215519
|d 2217449
|